000 00762nam a2200301Ia 4500
005 20260330160933.0
008 008 300114s9999 xx 000 0 eng d
020 _a9781266342028
037 _aEBOOK
040 _aCRL
040 _beng
040 _cCRL
041 _2eng
041 _aeng
084 _qCRL
100 _aGregory Dess; G.T. Lumpkin; Alan Eisner; Gerry Mcnamara
_91232311
245 0 _aStrategic Management: Text And Cases
250 _a11
260 _bMcgraw Hill
260 _c2023
365 _aINR
365 _b122400
650 _aManagement
856 _uhttps://resolver.vitalsource.com/9781266342028/?brand=mcgrawhillindia.vitalsource.com
942 _cEBOOK
999 _c1844359
_d1844359